Problemas de química para estudiantes de biología / (Registro nro. 27542)

Detalles MARC
000 -LEADER
campo de control de longitud fija 02827cam a22006494i 4500
003 - IDENTIFICADOR DE NÚMERO DE CONTROL
campo de control PE-LiUPU
005 - FECHA Y HORA DE LA ÚLTIMA TRANSACCIÓN
campo de control 20250731180114.0
008 - DATOS DE LONGITUD FIJA--INFORMACIÓN GENERAL
campo de control de longitud fija 071015s2013 sp 000 0 spa d
020 ## - NÚMERO INTERNACIONAL ESTÁNDAR DEL LIBRO
Número Internacional Estándar del Libro 9788499588681
035 ## - NÚMERO DE CONTROL DEL SISTEMA
Número de control de sistema (Sirsi) i9788499588681
035 ## - NÚMERO DE CONTROL DEL SISTEMA
Número de control de sistema (OCoLC)863509926
Número de control cancelado/no válido (OCoLC)935745141
040 ## - FUENTE DE CATALOGACIÓN
Centro catalogador/agencia de origen ESLEO
Lengua de catalogación spa
Centro/agencia transcriptor ESLEO
Centro/agencia modificador BNM
-- I8M
-- OCLCO
-- OCLCF
-- OCLCQ
-- OCLCO
-- ESSAL
-- PE-LiUPU
Normas de descripción rda
049 ## - FONDOS LOCALES (OCLC)
Biblioteca depositaria PRUA
050 #4 - SIGNATURA TOPOGRÁFICA DE LA BIBLIOTECA DEL CONGRESO
Número de clasificación QP514.2
Número de ítem .R63 2013
082 04 - NÚMERO DE LA CLASIFICACIÓN DECIMAL DEWEY
Número de clasificación 540
Cutter R76
Número de edición 21
100 1# - ENTRADA PRINCIPAL--NOMBRE DE PERSONA
Nombre de persona Rodríguez Yunta, María Josefa,
Término indicativo de función/relación autor.
245 10 - MENCIÓN DEL TÍTULO
Título Problemas de química para estudiantes de biología /
Mención de responsabilidad, etc. Ma. Josefa Rodríguez Yunta [y otros tres más].
264 #1 - PRODUCCIÓN, PUBLICACIÓN, DISTRIBUCIÓN, FABRICACIÓN Y COPYRIGHT
Producción, publicación, distribución, fabricación y copyright Madrid :
Nombre del de productor, editor, distribuidor, fabricante Síntesis,
Fecha de producción, publicación, distribución, fabricación o copyright 2013.
300 ## - DESCRIPCIÓN FÍSICA
Extensión 276 páginas ;
Dimensiones 24 centímetros.
336 ## - TIPO DE CONTENIDO
Término de tipo de contenido text
Fuente rdacontent
337 ## - TIPO DE MEDIO
Nombre/término del tipo de medio unmediated
Fuente rdamedia
338 ## - TIPO DE SOPORTE
Nombre/término del tipo de soporte volume
Fuente rdacarrier
490 1# - MENCIÓN DE SERIE
Mención de serie Biblioteca de químicas ;
Designación de volumen o secuencia 38
505 0# - NOTA DE CONTENIDO CON FORMATO
Nota de contenido con formato Reacciones ácido-base -- Reacciones redox -- Cinética -- Formulación de los compuestos orgánicos -- Estructura de los componentes orgánicos -- Estereoquímica y análisis conformacional -- Reactividad de los compuestos orgánicos -- Moléculas orgánicas en la naturaleza -- Soluciones a los problemas propuestos.
526 ## - NOTA DE INFORMACIÓN SOBRE EL PROGRAMA DE ESTUDIO
Nombre del programa Segunda Especialidad En Estadística Aplicada Para Investigación (A Distancia)
526 ## - NOTA DE INFORMACIÓN SOBRE EL PROGRAMA DE ESTUDIO
Nombre del programa Segunda Especialidad En Estadística Aplicada Para Investigación
526 ## - NOTA DE INFORMACIÓN SOBRE EL PROGRAMA DE ESTUDIO
Nombre del programa Odontología
526 ## - NOTA DE INFORMACIÓN SOBRE EL PROGRAMA DE ESTUDIO
Nombre del programa Tecnología Médica En Terapia Física Y Rehabilitación (A Distancia)
526 ## - NOTA DE INFORMACIÓN SOBRE EL PROGRAMA DE ESTUDIO
Nombre del programa Tecnología Médica En Terapia Física Y Rehabilitación (Semipresencial)
526 ## - NOTA DE INFORMACIÓN SOBRE EL PROGRAMA DE ESTUDIO
Nombre del programa Tecnología Médica En Laboratorio Clínico Y Anatomía Patológica
526 ## - NOTA DE INFORMACIÓN SOBRE EL PROGRAMA DE ESTUDIO
Nombre del programa Ingeniería De Ciencia De Datos E Inteligencia Artificial
526 ## - NOTA DE INFORMACIÓN SOBRE EL PROGRAMA DE ESTUDIO
Nombre del programa Ingeniería Ambiental (Semipresencial)
526 ## - NOTA DE INFORMACIÓN SOBRE EL PROGRAMA DE ESTUDIO
Nombre del programa Nutrición humana
526 ## - NOTA DE INFORMACIÓN SOBRE EL PROGRAMA DE ESTUDIO
Nombre del programa Medicina humana
526 ## - NOTA DE INFORMACIÓN SOBRE EL PROGRAMA DE ESTUDIO
Nombre del programa Ingeniería de industrias alimentarias
526 ## - NOTA DE INFORMACIÓN SOBRE EL PROGRAMA DE ESTUDIO
Nombre del programa Ingeniería civil
526 ## - NOTA DE INFORMACIÓN SOBRE EL PROGRAMA DE ESTUDIO
Nombre del programa Ingeniería ambiental
526 ## - NOTA DE INFORMACIÓN SOBRE EL PROGRAMA DE ESTUDIO
Nombre del programa Enfermería
526 ## - NOTA DE INFORMACIÓN SOBRE EL PROGRAMA DE ESTUDIO
Nombre del programa Educación secundaria, especialidad matemática e informática
526 ## - NOTA DE INFORMACIÓN SOBRE EL PROGRAMA DE ESTUDIO
Nombre del programa Educación secundaria, especialidad ambiental, biología y química
541 ## - NOTA DE FUENTE DE ADQUISICIÓN DIRECTA
-- 022-00000049;
596 ## -
-- 1
650 #7 - PUNTO DE ACCESO ADICIONAL DE MATERIA--TÉRMINO DE MATERIA
Término de materia o nombre geográfico como elemento de entrada Biqoquímica.
Fuente del encabezamiento o término embne
650 04 - PUNTO DE ACCESO ADICIONAL DE MATERIA--TÉRMINO DE MATERIA
Término de materia o nombre geográfico como elemento de entrada Química
Subdivisión de forma Problemas y ejercicios.
650 #7 - PUNTO DE ACCESO ADICIONAL DE MATERIA--TÉRMINO DE MATERIA
Término de materia o nombre geográfico como elemento de entrada Biochemistry.
Fuente del encabezamiento o término embne
650 #0 - PUNTO DE ACCESO ADICIONAL DE MATERIA--TÉRMINO DE MATERIA
Término de materia o nombre geográfico como elemento de entrada Biochemistry
Subdivisión de forma Problems, exercises, etc.
700 1# - ENTRADA AGREGADA--NOMBRE PERSONAL
Nombre de persona Campoy Pérez, Lucrecia,
Término indicativo de función/relación autor.
700 1# - ENTRADA AGREGADA--NOMBRE PERSONAL
Nombre de persona Cano Benjumea, Ma. del Carmen,
Término indicativo de función/relación autor.
700 1# - ENTRADA AGREGADA--NOMBRE PERSONAL
Nombre de persona Sanz Plaza, Ana Ma.,
Término indicativo de función/relación autor.
910 ## - DATOS DE OPCIÓN DEL USUARIO (OCLC)
Datos de opción del usuario dbm
-- ncf
-- ncf
-- 20180518
942 ## - ELEMENTOS DE ENTRADA SECUNDARIOS (KOHA)
Fuente del sistema de clasificación o colocación Clasificación Decimal Dewey
Tipo de ítem Koha
949 ## - PROCESAMIENTO DE INFORMACIÓN LOCAL (OCLC)
a 540 R76
w DEWEY
c 1
i 78625
l CATALOGIN
m BUL
p 23.22
r 0
s Y
t BOOK
u 2018-05-18
x INGENIERIA
-- P24
0 COMPRA
o .STAFF. Colección Ingeniería y Arquitectura
949 ## - PROCESAMIENTO DE INFORMACIÓN LOCAL (OCLC)
a 540 R76
w DEWEY
c 2
i 78626
l CATALOGIN
m BUL
p 23.22
r 0
s Y
t BOOK
u 2018-05-18
x INGENIERIA
-- P24
0 COMPRA
o .STAFF. Colección Ingeniería y Arquitectura
994 ## -
-- C0
-- PEPRU
999 ## - NÚMEROS DE CONTROL DE SISTEMA (KOHA)
-- DEWEY
-- 78625
-- 2021-11-5
-- 4
-- CCODEBUL1
-- BUL
-- 23.22
-- 0
-- Y
-- BOOK
-- 2018-5-18
-- BIBLIOTECA
-- P24
-- COMPRA
-- .STAFF. Colección Ingeniería y Arquitectura
999 ## - NÚMEROS DE CONTROL DE SISTEMA (KOHA)
-- DEWEY
-- 78626
-- 2021-11-5
-- 4
-- CCODEBUL1
-- BUL
-- 23.22
-- 1
-- 0
-- Y
-- BOOK
-- 2018-5-21
-- BIBLIOTECA
-- P24
-- COMPRA
-- .STAFF. Colección Ingeniería y Arquitectura
980 ## - EQUIVALENCIA O REFERENCIA-CRUZADA-MENCIÓN DE SERIE--NOMBRE DE PERSONA/TÍTULO [LOCAL, CANADÁ]
ID del último usuario que modificó el registro 1
Nombre del último usuario que modificó el registro ALBERTO SANCHEZ Responsable de Automatización
Existencias
Visto por última vez Número de inventario Total de préstamos Signatura topográfica completa Código de barras Copia número Coste, precio de reemplazo Fecha de reemplazo Facultad Tipo de ítem Koha Nota pública Estado de pérdida Fuente del sistema de clasificación o colocación Restricciones de uso No para préstamo Colección Programa académico Biblioteca de origen Biblioteca actual Ubicación en estantería Fecha de adquisición Fuente de adquisición Coste, precio normal de compra
2025-12-02 5   540 R76 78625 e1 28.22 2018-05-18 FIA Libros físicos inventario-2023-12-13 No Perdido Clasificación Decimal Dewey No restringido Disponible para préstamos Colección General Ingeniería ambiental Biblioteca CRAI UPeU Lima Biblioteca CRAI UPeU Lima Sala principal 2018-05-18 COMPRA 23.22
2025-12-02 5   540 R76 78626 e2 28.22 2018-05-21 FIA Libros físicos inventario-2023-12-13 No Perdido Clasificación Decimal Dewey No restringido Disponible para préstamos Colección General Ingeniería ambiental Biblioteca CRAI UPeU Lima Biblioteca CRAI UPeU Lima Sala principal 2018-05-21 COMPRA 23.22